Country Flags With Yellow Removed 2 - Statistics

General Stats
  • This quiz has been taken 112 times
  • The average score is 14 of 16
Answer Stats
Picture Answer % Correct
North Macedonia
96%
Palau
95%
Saint Vincent and the Grenadines
93%
Kyrgyzstan
91%
Brunei
90%
Myanmar
90%
Benin
89%
Burkina Faso
86%
Mauritius
86%
Belgium
85%
Chad/Romania
85%
Lithuania
82%
Guinea Bissau
79%
Mali
79%
Armenia
67%
Bolivia
62%
No matching quizzes found
Score Distribution
Percent of People with Each Score
Percentile by Number Answered
Your Score History
You have not taken this quiz